01311 2200289 4500001002100000005001500021035002000036007000300056008004100059020002200100082001000122084001900132100001500151245013300166250001400299300003800313650002200351650001700373700003100390700003200421520043100453264004100884336002100925337003000946338002900976990001601005INLIS00000000004300620210826050419 a0010-0821000217ta210826 g 0 ind  a978-602-291-763-2 a303.4 aSR 303.4 FAN w0 aFang, Fang1 aWuhan diary :bawal kisah pandemi yang melumpuhkan dunia /cFang Fang ; penerjemah, Reni Indardini ; penyunting, Nurjannah Intan aCetakan 1 axvi, 384 halaman ;c13 cm X 21 cm 4aSosial, Perubahan 4aVirus Corona0 aReni Indardiniepenerjemah0 aNurjannah Intanepenyunting aMelalui catatan hariannya, yang menyuarakan ketakutan, kemarahan, dan harapan jutaan warga Wuhan, Fang-Fang, seorang penulis Tiongkok berupaya mengingatkan kita bahwa dalam menghadapi virus baru, penderitaan warga Wuhan juga menimpa warga di mana-mana, Virys adalah musuh bersama umat manusia. Satu-satunya cara untuk menaklukkan virus ini dan membebaskan diri dari cengkeramnnya adalah dengan kerja sama seluruh umat manusia. aYogyakarta :bBentang Pustaka,c2020 2rdacontentateks 2rdamediaatanpa perantara 2rdacarrieraVolume/jilid a48137.60957